| 000 | 00631nam a2200217Ia 4500 | ||
|---|---|---|---|
| 003 | OSt | ||
| 005 | 20250821105625.0 | ||
| 008 | 220923b |||||||| |||| 00| 0 eng d | ||
| 037 | _cReference | ||
| 040 |
_aRTL _cRTL _beng |
||
| 041 |
_2eng _aeng |
||
| 084 |
_aB7:3 L2/SC _qRTL |
||
| 100 |
_aVaraiya, P. P. _9328217 |
||
| 245 | 0 | _aNotes on optimization | |
| 260 |
_aNew York _bVan Nostrand Reinhold Company _c1972 |
||
| 300 |
_a202 p. _bIncludes bibliographical reference and index |
||
| 650 | _aOptimization | ||
| 650 | _aMathematics | ||
| 942 |
_hB7:3 L2/SC _cREF _2CC _n0 |
||
| 999 |
_c640220 _d640220 |
||